000 00390nam a2200145Ia 4500
005 20250317125807.0
008 240331s9999 xx 000 0 und d
082 _bKAN
_a894
100 _aKanagasabapathy, S
245 0 _aParathiyumpirakum :
_bpichchamoorthyum pirarum
260 _aSivagangai
_bselma
_c1990
300 _a138 p .,
650 _aMarabu Kavithaikalum Kaduraikalum
942 _cL
999 _c4015
_d4015